ảnh hưởng của hai phương pháp sửa soạn đất Cày-Xới và Xới-Xới

Wedi'i Gadw mewn:
Manylion Llyfryddiaeth
Prif Awdur: Huỳnh Thành Thân
Fformat: Llyfr
Iaith:Undetermined
Cyhoeddwyd: Cần Thơ Viện Đại Học Cần Thơ - Trường Cao Đẳng Nông Nghiệp 1972
Pynciau:
Tagiau: Ychwanegu Tag
Dim Tagiau, Byddwch y cyntaf i dagio'r cofnod hwn!
Thư viện lưu trữ: Trung tâm Học liệu Trường Đại học Cần Thơ
LEADER 00663nam a2200181Ia 4500
001 CTU_33455
008 210402s9999 xx 000 0 und d
082 |a 631.4 
082 |b Th121 
100 |a Huỳnh Thành Thân 
245 0 |a ảnh hưởng của hai phương pháp sửa soạn đất Cày-Xới và Xới-Xới 
245 0 |c Huỳnh Thành Thân 
260 |a Cần Thơ 
260 |b Viện Đại Học Cần Thơ - Trường Cao Đẳng Nông Nghiệp 
260 |c 1972 
650 |a plant-soil relationships,weeds - control 
904 |i Minh, 991029 
980 |a Trung tâm Học liệu Trường Đại học Cần Thơ